[Event "HON-ch (Women)"]
[Site "Tegucigalpa"]
[Date "2018.03.11"]
[Round "6.4"]
[White "McDowell, Sharon"]
[Black "Ortiz, Rosa Daniela"]
[Result "0-1"]
[WhiteElo "1584"]
[BlackElo "1597"]
[PlyCount "62"]
[EventDate "2018.03.08"]
[EventType "swiss"]
[EventRounds "6"]
[EventCountry "HON"]
[SourceTitle "EXT 2024"]
[Source "ChessBase"]
[SourceDate "2023.10.10"]
[SourceVersion "1"]
[SourceVersionDate "2023.10.10"]
[SourceQuality "1"]

1. d4 e6 2. Nf3 d5 3. Bf4 Nf6 4. e3 g6 5. c3 Bg7 6. Nbd2 Nbd7 7. Be2 b6 8. 0-0 0-0 9. Bg5 Bb7 10. Re1 Qc8 11. Bf4 c5 12. h4 Re8 13. Ne5 Nxe5 14. dxe5 Nd7 15. Nf3 Qc7 16. Bb5 Bc6 17. Bxc6 Qxc6 18. h5 Qc7 19. e4 Bxe5 20. Bxe5 Nxe5 21. exd5 exd5 22. Qxd5 Rad8 23. Qb3 gxh5 24. Re3 Re6 25. Nxe5 Rxe5 26. Rg3+ Kh8 27. c4 Qe7 28. Qc3 f6 29. Re3 Rxe3 30. fxe3 Qe5 31. Qa3 Rd2 0-1

[Event "HON-ch (Women)"]
[Site "Tegucigalpa"]
[Date "2018.03.10"]
[Round "3.6"]
[White "McDowell, Sharon"]
[Black "Lopez, Ana"]
[Result "1-0"]
[WhiteElo "1584"]
[BlackElo "1358"]
[PlyCount "81"]
[EventDate "2018.03.08"]
[EventType "swiss"]
[EventRounds "6"]
[EventCountry "HON"]
[SourceTitle "EXT 2024"]
[Source "ChessBase"]
[SourceDate "2023.10.10"]
[SourceVersion "1"]
[SourceVersionDate "2023.10.10"]
[SourceQuality "1"]

1. d4 Nf6 2. Nf3 g6 3. Bf4 d6 4. Nbd2 Bg7 5. c3 0-0 6. e4 Be6 7. Be2 d5 8. e5 Ne4 9. Nxe4 dxe4 10. Ng5 Qd5 11. Nxe6 fxe6 12. Be3 Nc6 13. 0-0 Rf5 14. Qc2 Raf8 15. c4 Nb4 16. Qb3 Qa5 17. Bd2 Qb6 18. c5 Qc6 19. Qxb4 Qe8 20. Qxb7 Qb8 21. Ba6 Qxb7 22. Bxb7 Rd8 23. Be3 Rh5 24. Bxe4 Bh6 25. Bxh6 Rxh6 26. Rad1 Rb8 27. b3 Rb4 28. f4 Kg7 29. g3 a5 30. Bg2 a4 31. Rf3 axb3 32. Rxb3 Rc4 33. c6 Rc2 34. Rb7 Rxa2 35. Rxc7 Rc2 36. Rxe7+ Kf8 37. Rxe6 Kf7 38. d5 Rh5 39. Rf6+ Ke7 40. d6+ Kd8 41. Rf8# 1-0

[Event "Olympiad Women-42"]
[Site "Baku"]
[Date "2016.09.12"]
[Round "10.2"]
[White "Acevedo Mendez, Lisseth"]
[Black "McDowell, Sharon"]
[Result "1-0"]
[WhiteElo "1857"]
[BlackElo "1685"]
[PlyCount "103"]
[EventDate "2016.09.02"]
[EventType "team-swiss"]
[EventRounds "11"]
[EventCountry "AZE"]
[SourceTitle "CBM 174 Extra"]
[Source "ChessBase"]
[SourceDate "2016.10.10"]
[SourceVersion "1"]
[SourceVersionDate "2016.10.10"]
[SourceQuality "1"]
[WhiteTeam "Costa Rica (W)"]
[BlackTeam "Honduras (W)"]
[WhiteTeamCountry "CRI"]
[BlackTeamCountry "HON"]

1. e4 c5 2. Nf3 d6 3. b3 Nf6 4. Nc3 e6 5. Bb5+ Nbd7 6. d4 a6 7. Bxd7+ Qxd7 8. 0-0 cxd4 9. Qxd4 Be7 10. Bb2 0-0 11. Rad1 Qc7 12. h3 b5 13. Rd2 Rd8 14. Rfd1 Bb7 15. Qe3 h6 16. a3 Rac8 17. Nd4 Nd7 18. Nde2 Bf6 19. Rxd6 Nc5 20. Rxd8+ Rxd8 21. Rxd8+ Bxd8 22. b4 Nd7 23. Qg3 Qxg3 24. Nxg3 Bf6 25. Nd1 Bxb2 26. Nxb2 Nb6 27. Kf1 Kf8 28. Ke2 Ke7 29. Kd3 f6 30. f3 g6 31. Nf1 Nd7 32. Nd2 Kd6 33. Nb3 Ne5+ 34. Kd4 Nc6+ 35. Ke3 f5 36. Nc5 Bc8 37. Nbd3 a5 38. Nb3 axb4 39. axb4 e5 40. c3 Nb8 41. Nbc5 Nc6 42. Ne1 Ne7 43. Nc2 f4+ 44. Kd3 g5 45. Na3 Kc6 46. c4 bxc4+ 47. Nxc4 Ng6 48. Kc3 h5 49. Nd3 g4 50. hxg4 hxg4 51. Ndxe5+ Nxe5 52. Nxe5+ 1-0

[Event "Olympiad Women-42"]
[Site "Baku"]
[Date "2016.09.03"]
[Round "2.39"]
[White "Atthaworadej, Worasuda"]
[Black "McDowell, Sharon"]
[Result "1-0"]
[WhiteElo "1748"]
[BlackElo "1685"]
[PlyCount "89"]
[EventDate "2016.09.02"]
[EventType "team-swiss"]
[EventRounds "11"]
[EventCountry "AZE"]
[SourceTitle "CBM 174 Extra"]
[Source "ChessBase"]
[SourceDate "2016.10.10"]
[SourceVersion "1"]
[SourceVersionDate "2016.10.10"]
[SourceQuality "1"]
[WhiteTeam "Thailand (W)"]
[BlackTeam "Honduras (W)"]
[WhiteTeamCountry "THA"]
[BlackTeamCountry "HON"]

1. c4 e6 2. g3 Nf6 3. Bg2 Be7 4. Nc3 0-0 5. Nf3 Nc6 6. 0-0 d5 7. cxd5 exd5 8. d4 Re8 9. Bg5 Ne4 10. Bxe7 Nxe7 11. Qb3 c6 12. Nxe4 dxe4 13. Ng5 Nd5 14. Nxe4 Rb8 15. e3 Bf5 16. Nc3 Nxc3 17. bxc3 Be4 18. c4 Qe7 19. Rfd1 Bxg2 20. Kxg2 Qe4+ 21. Kg1 h5 22. d5 h4 23. Rd4 Qe5 24. Rad1 g5 25. d6 h3 26. Qd3 Rbd8 27. Rc1 Re6 28. c5 Rd7 29. a4 a5 30. Qd2 f5 31. Qxa5 f4 32. Qd2 fxe3 33. Qxe3 Qf5 34. Qd3 Qe5 35. Qd2 Qf6 36. Rd3 g4 37. Qf4 Qg6 38. Re3 Rf6 39. Qe4 Qf7 40. Qxg4+ Kh7 41. Qxh3+ Rh6 42. Qg4 Rg6 43. Qf3 Qg7 44. Rce1 Rf7 45. Qxf7 1-0